| 000 | 02261nam a2200541Ia 4500 | ||
|---|---|---|---|
| 001 | sjds253674 | ||
| 003 | sjds | ||
| 005 | 20180630192659.0 | ||
| 008 | 050506t20042004nyua j 000 1 spa d | ||
| 020 | _a0439662052 (pbk.) | ||
| 020 | _a9780439662055 (pbk.) | ||
| 035 | _a(OCoLC)57235013 | ||
| 040 |
_aPWmBRO _dUtOrBLW _csjds |
||
| 041 | 1 |
_aspa _heng |
|
| 049 | _aIFAB | ||
| 099 | _f2004 | ||
| 999 |
_c21076 _d21076 |
||
| 999 | _bESPANOL CHILDREN FICTION PILKEY 2004 | ||
| 100 | 1 |
_aPilkey, Dav, _d1966- _eauthor. |
|
| 240 | 1 | 0 |
_aCaptain Underpants and the big, bad battle of the Bionic Booger Boy, part 2. _lSpanish |
| 245 | 1 | 3 |
_aEl Capitan Calzoncillos y la feroz batalla contra el Nino Mocobionico, 2a parte : _bla venganza de los ridículos mocorobots : la septima novela epica / _cde Dav Pilkey. |
| 246 | 3 | 0 | _aVenganza de los rídiculos mocorobots |
| 260 |
_aNew York : _bScholastic, _cc2004 |
||
| 264 | 1 |
_aNew York : _bScholastic, _c[2004] |
|
| 264 | 4 | _cc2004 | |
| 300 |
_a173 pages : _billustrations ; _c20 cm |
||
| 336 |
_atext _btxt _2rdacontent |
||
| 337 |
_aunmediated _bn _2rdamedia |
||
| 338 |
_avolume _bnc _2rdacarrier |
||
| 520 | _aGeorge, Harold, Captain Underpants, and Sulu the Bionic Hamster battle the three Ridiculous Robo-Boogers in an attempt to turn the Bionic Booger Boy back into Melvin Sneedly. | ||
| 521 | 0 | _a3. | |
| 521 | 1 | _a7-10. | |
| 526 | 0 |
_aAccelerated Reader _bMG _c4.6 _d1.0 _z72761SP |
|
| 650 | 0 |
_aCaptain Underpants (Fictitious character) _vJuvenile fiction. |
|
| 650 | 0 |
_aSchool principals _vJuvenile fiction. |
|
| 650 | 0 |
_aSchools _vJuvenile fiction. |
|
| 650 | 0 |
_aHeroes _vJuvenile fiction. |
|
| 650 | 0 |
_aSuperheroes _vJuvenile fiction. |
|
| 650 | 0 |
_aComic books, strips, etc. _vJuvenile literature. |
|
| 650 | 0 |
_aHumorous stories _vJuvenile literature. |
|
| 650 | 7 |
_aCapitán Calzoncillos (Personaje literario) _vNovela juvenil. _2local |
|
| 650 | 7 |
_aEscuelas _xSuperintendentes y directores _vNovela juvenil. _2bidex |
|
| 650 | 7 |
_aEscuelas _vNovela juvenil. _2bidex |
|
| 650 | 7 |
_aHeroes _vNovela juvenil. _2bidex |
|
| 650 | 7 |
_aSuperheroes _vNovela juvenil. _2bidex |
|
| 650 | 7 |
_aLibros de caricaturas, tiras comicas, etc. _vLiteratura juvenil. _2bidex |
|
| 650 | 7 |
_aCuentos humorosos _vLiteratura juvenil. _2bidex |
|
| 942 | _cBK | ||